[Event "Ì19"]
[Site "Loo"]
[Date "2017.04.23"]
[Round "4.22"]
[White "Ðîçìàíîâ, Àëåêñàíäð."]
[Black "Êóçíåöîâ, Ôåëèêñ."]
[Result "0-1"]
[WhiteElo "2018"]
[BlackElo "2176"]
[PlyCount "78"]
[EventDate "2017.04.20"]

1. e4 c5 2. Nf3 Nc6 3. d4 cxd4 4. Nxd4 Nf6 5. Nc3 d6 6. Bg5 e6 7. Qd2 a6 8.
O-O-O Bd7 9. f4 h6 10. Bxf6 Qxf6 11. Nf3 Qd8 12. g4 Be7 13. Kb1 Qc7 14. Bd3
O-O-O 15. a3 Kb8 16. Qf2 Na5 17. Rhe1 Rc8 18. e5 d5 19. Ne2 Nc4 20. Nd2 Bc5 21.
Qf3 Nxd2+ 22. Rxd2 Qb6 23. Ka2 Rc7 24. c3 Be3 25. Rdd1 Ba4 26. Rb1 Bb3+ 27. Ka1
Bd2 28. Rf1 Qa5 29. Rbd1 Bxc3 30. Nxc3 Rxc3 31. bxc3 Qxa3+ 32. Kb1 Qa2+ 33. Kc1
Rc8 34. Bb1 Qa3+ 35. Kd2 Qb2+ 36. Ke3 Rxc3+ 37. Rd3 Rxd3+ 38. Kxd3 Bc4+ 39. Ke3
d4+ 0-1

[Event "Ì19"]
[Site "Loo"]
[Date "2017.04.23"]
[Round "4.23"]
[White "Õàëòóðèí, Íèêîëàé."]
[Black "Àëåêñååâ, Ìèõàèë."]
[Result "1/2-1/2"]
[WhiteElo "1965"]
[BlackElo "1858"]
[PlyCount "92"]
[EventDate "2017.04.20"]

1. e4 c6 2. d4 d5 3. Nc3 dxe4 4. Nxe4 Bf5 5. Ng3 Bg6 6. Nf3 Nd7 7. h4 h6 8. h5
Bh7 9. Bd3 Bxd3 10. Qxd3 e6 11. Bd2 Qc7 12. O-O-O O-O-O 13. c4 Ngf6 14. Bc3 c5
15. Qe2 Bd6 16. Ne4 Nxe4 17. Qxe4 Kb8 18. g3 cxd4 19. Rxd4 Nc5 20. Qc2 e5 21.
Rd5 f6 22. Rhd1 Ne6 23. Nh4 Bc5 24. Ng6 Rhe8 25. Nxe5 Rxd5 26. Rxd5 Ka8 27. Nf3
a6 28. b4 Ba7 29. c5 Bb8 30. Qd3 Qf7 31. Kb2 Ng5 32. Nxg5 fxg5 33. Rf5 Qxh5 34.
Rf3 Rd8 35. Qe4 Re8 36. Qd5 Rd8 37. Qf7 Qg4 38. Re3 Rd7 39. Qf8 Qd1 40. Re8
Rd2+ 41. Bxd2 Qxd2+ 42. Kb3 Qd3+ 43. Kb2 Qd2+ 44. Kb1 Qd1+ 45. Kb2 Qd2+ 46. Kb3
Qd3+ 1/2-1/2

[Event "Ì15Ï"]
[Site "Loo"]
[Date "2017.04.23"]
[Round "4.1"]
[White "Àáðàìîâ, Èëüÿ."]
[Black "Êóìàðãàëèåâ, Ìàðñåëü."]
[Result "1/2-1/2"]
[WhiteElo "1902"]
[BlackElo "1716"]
[PlyCount "80"]
[EventDate "2017.04.20"]

1. d4 Nf6 2. c4 g6 3. Nc3 Bg7 4. e4 d6 5. f3 O-O 6. Be3 e5 7. Nge2 Nc6 8. d5
Nb8 9. Qd2 c6 10. g4 cxd5 11. cxd5 h5 12. gxh5 Nxh5 13. Ng3 Nf4 14. h4 f5 15.
O-O-O a6 16. h5 Nxh5 17. Nxh5 gxh5 18. Bh3 f4 19. Bf2 b5 20. Bxc8 Qxc8 21. Kb1
Qe8 22. Ne2 Nd7 23. Ng1 Bf6 24. Rc1 Be7 25. Bh4 Kf7 26. Rc6 Rg8 27. Bf2 h4 28.
Nh3 Rg2 29. Qb4 Qb8 30. Qe1 Qd8 31. Qc3 Rg8 32. Rc1 Rg2 33. Rg1 Rxg1+ 34. Bxg1
Kg8 35. Bf2 Kf7 36. Bg1 Kg8 37. Bf2 Kf7 38. Bg1 Kg8 39. Bf2 Kf7 40. Bg1 Kg8
1/2-1/2

[Event "Ì15Ï"]
[Site "Loo"]
[Date "2017.04.23"]
[Round "4.2"]
[White "Ìîðãà÷åâ, Ñåðãåé."]
[Black "Ðóäîâñêèé, Ôèëèïï."]
[Result "1-0"]
[WhiteElo "1814"]
[BlackElo "1710"]
[PlyCount "55"]
[EventDate "2017.04.20"]

1. d4 Nf6 2. c4 g6 3. Nc3 d5 4. Bg5 Ne4 5. Bh4 Nxc3 6. bxc3 Bg7 7. e3 c5 8. Nf3
Qa5 9. Qd2 Bg4 10. Ne5 cxd4 11. cxd4 Qxd2+ 12. Kxd2 Bxe5 13. dxe5 Nc6 14. cxd5
Nxe5 15. Bg3 Rd8 16. e4 Nc6 17. f3 Bc8 18. Kc3 Na5 19. Bc7 b6 20. Bxd8 Kxd8 21.
Kd4 Nb7 22. a4 Nc5 23. Bc4 e5+ 24. Kxe5 f5 25. Kd4 a5 26. e5 Kc7 27. d6+ Kd7
28. Rab1 1-0

[Event "Ì15Ï"]
[Site "Loo"]
[Date "2017.04.23"]
[Round "4.3"]
[White "Áðàæíèêîâ, Äìèòðèé."]
[Black "Êîçëîâ, Äåíèñ."]
[Result "1-0"]
[WhiteElo "1465"]
[BlackElo "1789"]
[PlyCount "95"]
[EventDate "2017.04.20"]

1. e4 e6 2. Nf3 d5 3. Nc3 Nf6 4. e5 Ne4 5. Be2 c5 6. O-O Nxc3 7. dxc3 Nc6 8.
Bf4 Be7 9. Qd2 O-O 10. c4 f6 11. Rad1 fxe5 12. Nxe5 Bf6 13. Nxc6 bxc6 14. cxd5
cxd5 15. c4 e5 16. Bg3 d4 17. Bf3 Rb8 18. Bd5+ Kh8 19. f4 exf4 20. Rxf4 Rb6 21.
Rdf1 Bb7 22. Rf5 Bxd5 23. Rxd5 Qe7 24. Re1 Re6 25. Rxe6 Qxe6 26. Qe1 Qe3+ 27.
Qxe3 dxe3 28. Kf1 Bxb2+ 29. Ke2 Bd4 30. Rd7 a5 31. Ra7 h6 32. Rxa5 Rf7 33. a4
Rb7 34. Rb5 Ra7 35. a5 Ra6 36. Bf4 Re6 37. Rb3 Re4 38. Bxe3 Bxe3 39. Rxe3 Rxc4
40. Ra3 Rc2+ 41. Kf3 Rd2 42. a6 Rd8 43. a7 Ra8 44. Ke4 Kg8 45. Kd5 c4 46. Kxc4
Kf7 47. Kc5 Ke7 48. Kb6 1-0

[Event "Ì15Ï"]
[Site "Loo"]
[Date "2017.04.23"]
[Round "4.4"]
[White "Ãàáäðàõìàíîâ, Àçàò."]
[Black "Äîí, Àëåêñàíäð."]
[Result "1-0"]
[WhiteElo "2011"]
[BlackElo "1836"]
[PlyCount "125"]
[EventDate "2017.04.20"]

1. e4 c5 2. Nf3 a6 3. c3 d5 4. exd5 Qxd5 5. d4 Nc6 6. Be3 cxd4 7. cxd4 e6 8.
Nc3 Qd6 9. Bc4 Nf6 10. O-O Be7 11. a3 O-O 12. Qd2 b5 13. Ba2 Bb7 14. Bf4 Qd7
15. Rad1 Rfd8 16. Rfe1 Nd5 17. Nxd5 exd5 18. Bb1 Bf6 19. Be5 Be7 20. Qf4 f6 21.
Bf5 fxe5 22. Bxd7 exf4 23. Bxc6 Bxc6 24. Rxe7 Bd7 25. Ne5 Bf5 26. Rc1 Rac8 27.
Rec7 Rxc7 28. Rxc7 Rc8 29. Rxc8+ Bxc8 30. Kf1 g5 31. Ke2 Kg7 32. Kd2 g4 33. Nd3
g3 34. hxg3 fxg3 35. fxg3 Kf6 36. Kc3 Kf5 37. Nf2 a5 38. Kd3 h5 39. Ke3 Kg5 40.
Nd3 Kg4 41. Kf2 Bf5 42. Ne5+ Kg5 43. Nc6 a4 44. Nb4 Be4 45. Na2 Bd3 46. Nc3 Bc4
47. Kf3 Kf5 48. Nd1 Kg5 49. Ne3 Bb3 50. Ke2 Ba2 51. Kd2 h4 52. gxh4+ Kxh4 53.
Kc3 Kg3 54. Kb4 Kf2 55. Nd1+ Kxg2 56. Kxb5 Bb3 57. Nc3 Kf3 58. Kc5 Ke3 59.
Nxd5+ Kd3 60. Nb6 Kc2 61. d5 Kxb2 62. d6 Be6 63. Kb4 1-0

[Event "Ì15Ï"]
[Site "Loo"]
[Date "2017.04.23"]
[Round "4.5"]
[White "Äîëãèõ, Åâãåíèé."]
[Black "ßðîø, Ðóñëàí."]
[Result "1/2-1/2"]
[WhiteElo "2003"]
[BlackElo "1814"]
[PlyCount "82"]
[EventDate "2017.04.20"]

1. d4 Nf6 2. Nf3 g6 3. c4 Bg7 4. Nc3 O-O 5. e4 d6 6. Be2 e5 7. O-O Nc6 8. d5
Ne7 9. b4 a5 10. Ba3 axb4 11. Bxb4 Nh5 12. g3 f5 13. Ng5 Nf6 14. Bf3 fxe4 15.
Ncxe4 Nf5 16. Ne6 Bxe6 17. dxe6 Nd4 18. Nxf6+ Qxf6 19. Bxb7 Rae8 20. Bg2 Nxe6
21. a4 Nd4 22. a5 e4 23. Ra3 Qe6 24. a6 Qxc4 25. Bd2 d5 26. a7 Ra8 27. Ra4 Qb5
28. Ra5 Qd7 29. Be3 Nb5 30. Bxe4 Nc3 31. Bxd5+ Kh8 32. Qd2 c6 33. Bg2 Qxd2 34.
Bxd2 Nd5 35. Rc1 Bd4 36. Rxc6 Rxf2 37. Bxd5 Rxd2+ 38. Kh1 Rxa7 39. Rxa7 Bxa7
40. Rc8+ Kg7 41. Rc7+ Kh8 1/2-1/2

[Event "Ì15Ï"]
[Site "Loo"]
[Date "2017.04.23"]
[Round "4.6"]
[White "Âëàñîâ, Àëåêñàíäð."]
[Black "Êèñåëåâ, Âëàäèñëàâ."]
[Result "0-1"]
[WhiteElo "1808"]
[BlackElo "1993"]
[PlyCount "46"]
[EventDate "2017.04.20"]

1. b3 d5 2. Bb2 c5 3. e3 Nc6 4. Nf3 Bg4 5. Be2 e6 6. O-O Bxf3 7. Bxf3 f5 8.
Bh5+ Kd7 9. d4 Nf6 10. Be2 cxd4 11. exd4 Bd6 12. Re1 Ne4 13. g3 Qf6 14. Nd2 h5
15. Nxe4 fxe4 16. f3 h4 17. fxe4 hxg3 18. Rf1 Qh4 19. Kg2 Qh3+ 20. Kf3 g2+ 21.
Kf2 Raf8+ 22. Bf3 gxf1=Q+ 23. Qxf1 Rxf3+ 0-1

[Event "Ì15Ï"]
[Site "Loo"]
[Date "2017.04.23"]
[Round "4.7"]
[White "Ñëóãèí, ßðîñëàâ."]
[Black "Áîêòàåâ, Àäüÿí."]
[Result "1-0"]
[WhiteElo "1974"]
[BlackElo "1759"]
[PlyCount "139"]
[EventDate "2017.04.20"]

1. d4 d5 2. Nf3 Nf6 3. Bf4 e6 4. e3 c5 5. c3 Nc6 6. Nbd2 Bd7 7. Bd3 cxd4 8.
exd4 Be7 9. O-O O-O 10. Ne5 Qb6 11. Rb1 Rfd8 12. Bg3 Rac8 13. f4 Bd6 14. Kh1
Ne7 15. Bh4 Ng6 16. Bxf6 gxf6 17. Nxd7 Rxd7 18. f5 Nf4 19. Qg4+ Kf8 20. Rxf4
Bxf4 21. Qxf4 Ke7 22. Nf3 Rg8 23. Rf1 Qd6 24. Qxd6+ Rxd6 25. Re1 h5 26. g3 b6
27. Nd2 Rg7 28. Nf3 Rc6 29. Nh4 Kd6 30. fxe6 fxe6 31. Rf1 Rf7 32. Bg6 Rf8 33.
Bxh5 Rc7 34. Ng6 Rff7 35. Re1 Rh7 36. Bg4 f5 37. Bf3 Rcg7 38. Nf4 Rxg3 39.
Rxe6+ Kd7 40. Re3 b5 41. h3 Rh4 42. Kh2 Rg5 43. Nxd5 f4 44. Re5 Rg3 45. Bg4+
Kd6 46. Rg5 Rhxh3+ 47. Bxh3 Rxg5 48. Nxf4 a5 49. Bg2 Rg4 50. Ne2 Rg8 51. Kg1
Rf8 52. Ng3 a4 53. Ne4+ Kd5 54. Nd2+ Kd6 55. Nf3 a3 56. b3 Rc8 57. Nd2 Rf8 58.
c4 b4 59. c5+ Kc7 60. d5 Rf4 61. d6+ Kd7 62. Ne4 Rf8 63. Nf2 Rf4 64. Nd3 Rf8
65. Ne5+ Kd8 66. c6 Rg8 67. Nf7+ Kc8 68. d7+ Kc7 69. d8=Q+ Rxd8 70. Nxd8 1-0

[Event "Ì15Ï"]
[Site "Loo"]
[Date "2017.04.23"]
[Round "4.8"]
[White "Áîçðèêîâ, Ìàòâåé."]
[Black "Ñîìêèí, Êèðèëë."]
[Result "1-0"]
[WhiteElo "1781"]
[BlackElo "1942"]
[PlyCount "107"]
[EventDate "2017.04.20"]

1. e4 e5 2. Nf3 Nc6 3. d4 exd4 4. Nxd4 Bb4+ 5. c3 Bc5 6. Nxc6 bxc6 7. Bd3 Ne7
8. Nd2 d5 9. Nb3 Bb6 10. O-O O-O 11. Qc2 f5 12. exf5 Nxf5 13. c4 a6 14. c5 Ba7
15. Bf4 a5 16. a4 Rb8 17. Be5 Rxb3 18. Qxb3 Bxc5 19. Qc3 Qe7 20. Qxa5 Bb6 21.
Qc3 Bc5 22. Bg3 Rf6 23. Bxf5 Bxf5 24. Bh4 Be4 25. Bxf6 gxf6 26. Rac1 Bd6 27. f3
Bf5 28. Qxc6 Qe5 29. f4 Qd4+ 30. Kh1 Be4 31. Qc3 Qa7 32. a5 d4 33. Qc4+ Kf8 34.
a6 f5 35. Rcd1 Bc5 36. b4 Bb6 37. b5 Qa8 38. Rd2 d3 39. Qb4+ Kf7 40. Rc1 Qd8
41. Rc3 Qh4 42. Qb1 Ba5 43. Rcxd3 Bxd2 44. Qa2+ Ke7 45. Qxd2 Qf6 46. Re3 Kf8
47. Re1 Qb6 48. Qb4+ Kf7 49. Qb3+ Kg6 50. Qg8+ Kf6 51. Qf8+ Kg6 52. Qe8+ Kh6
53. Rxe4 fxe4 54. Qc6+ 1-0

[Event "Ì15Ï"]
[Site "Loo"]
[Date "2017.04.23"]
[Round "4.9"]
[White "ßäèãàðîâ, Àéâàç."]
[Black "Àñàòðÿí, Ãîð."]
[Result "0-1"]
[WhiteElo "1699"]
[BlackElo "1916"]
[PlyCount "82"]
[EventDate "2017.04.20"]

1. d4 d5 2. c4 c6 3. Nf3 Nf6 4. e3 e6 5. Nc3 Nbd7 6. Bd3 dxc4 7. Bxc4 b5 8. Bd3
a6 9. e4 c5 10. e5 cxd4 11. Nxb5 axb5 12. exf6 gxf6 13. O-O Qb6 14. Qe2 b4 15.
Be4 Bb7 16. Bxb7 Qxb7 17. Nxd4 Rg8 18. Qf3 Qxf3 19. Nxf3 Rg4 20. Rd1 Nc5 21.
Be3 Rc4 22. Nd4 e5 23. Nb5 Ne6 24. a3 bxa3 25. bxa3 f5 26. Bh6 Bc5 27. Rd5 f6
28. Rd6 Nd4 29. Nc7+ Ke7 30. Rxf6 Kxf6 31. Nxa8 f4 32. h4 Kg6 33. Bg5 Ne6 34.
Re1 Bd4 35. Be7 Rc2 36. Kh2 Kf5 37. Bd6 e4 38. g4+ Kxg4 39. Rxe4 Bxf2 40. Bxf4
Bg3+ 41. Kg1 Nxf4 0-1

[Event "Ì15Ï"]
[Site "Loo"]
[Date "2017.04.23"]
[Round "4.10"]
[White "Êðåòîâ, Ëåîíèä."]
[Black "Àãàáåêîâ, Ñàâåëèé."]
[Result "1/2-1/2"]
[WhiteElo "1911"]
[BlackElo "1700"]
[PlyCount "87"]
[EventDate "2017.04.20"]

1. d4 Nf6 2. c4 g6 3. Nc3 Bg7 4. e4 d6 5. Nf3 O-O 6. Be2 Qe8 7. Bg5 e5 8. d5
Nfd7 9. Nd2 f5 10. f3 f4 11. Bh4 Rf7 12. b4 Bf8 13. Rc1 Rg7 14. Na4 g5 15. Bf2
Nf6 16. c5 g4 17. cxd6 Bxd6 18. Nc5 gxf3 19. gxf3 Qh5 20. Bf1 Bh3 21. Qe2 Bg2
22. Bxg2 Rxg2 23. Qf1 Rg7 24. Ne6 Re7 25. Qg2+ Kh8 26. Rg1 Na6 27. a3 Rg8 28.
Qh1 Ree8 29. Ke2 c6 30. Rxg8+ Rxg8 31. dxc6 Qe8 32. b5 Qxe6 33. bxa6 bxc6 34.
Rxc6 Qd7 35. Qc1 Bxa3 36. Qc2 Rg6 37. Qc3 Bb4 38. Rc8+ Kg7 39. Qc7 Bxd2 40.
Bxa7 Kh6 41. Qxd7 Nxd7 42. Kxd2 Rxa6 43. Rc7 Nf6 44. Bf2 1/2-1/2

[Event "Ì15Ï"]
[Site "Loo"]
[Date "2017.04.23"]
[Round "4.11"]
[White "Ïàâëîâ, Ìèõàèë."]
[Black "Áðèíü, Èëüÿ."]
[Result "1-0"]
[WhiteElo "1762"]
[BlackElo "1909"]
[PlyCount "51"]
[EventDate "2017.04.20"]

1. e4 c5 2. Nf3 Nc6 3. Bb5 e5 4. O-O Nge7 5. c3 g6 6. Re1 Bg7 7. d3 O-O 8. Nbd2
d6 9. Nf1 Kh8 10. Bc4 h6 11. Nh4 Na5 12. Bb5 f5 13. exf5 g5 14. Qh5 gxh4 15.
Bxh6 Bxf5 16. Ne3 Bg6 17. Qxh4 Nf5 18. Nxf5 Bf6 19. Bg5+ Bh7 20. Bxf6+ Rxf6 21.
Ng3 Qf8 22. Ne4 Rf4 23. Qh3 Qe7 24. Qh6 Rg8 25. Ng3 a6 26. Qxf4 1-0

[Event "Ì15Ï"]
[Site "Loo"]
[Date "2017.04.23"]
[Round "4.12"]
[White "Þí, Âÿ÷åñëàâ."]
[Black "Äîëãèðåâ, Ëåâ."]
[Result "1-0"]
[WhiteElo "1878"]
[BlackElo "1669"]
[PlyCount "89"]
[EventDate "2017.04.20"]

1. d4 d5 2. c4 e6 3. Nf3 Nf6 4. g3 Be7 5. Bg2 O-O 6. O-O dxc4 7. Nc3 a6 8. Ne5
Nc6 9. Nxc6 bxc6 10. Bxc6 Rb8 11. Bg2 Bb7 12. e4 Bb4 13. Re1 c5 14. dxc5 Qc7
15. Qc2 Bxc5 16. Bf4 e5 17. Bg5 Ng4 18. Nd1 h6 19. Be3 Bd4 20. h3 Nf6 21. Nc3
Rfd8 22. Rac1 Rbc8 23. Red1 Qa5 24. Qe2 Qb4 25. a3 Qb3 26. Qc2 Qb6 27. Qe2 a5
28. Bxd4 exd4 29. Nd5 Nxd5 30. exd5 d3 31. Qg4 Bxd5 32. Bxd5 Qxb2 33. Rxc4 Rxc4
34. Qxc4 d2 35. Bxf7+ Kh8 36. Qc7 Rf8 37. Qe7 Rc8 38. Qd7 Rf8 39. Rxd2 Qxa3 40.
Bg6 Qa1+ 41. Kg2 Qf6 42. Be4 Qb6 43. Qe7 Qb8 44. Rd7 Rg8 45. Qe6 1-0

[Event "Ì15Ï"]
[Site "Loo"]
[Date "2017.04.23"]
[Round "4.13"]
[White "Øèëüíèêîâ, Àíòîí."]
[Black "Àäûðáàåâ, Àëüáåðò."]
[Result "1-0"]
[WhiteElo "1757"]
[BlackElo "2008"]
[PlyCount "81"]
[EventDate "2017.04.20"]

1. e4 c5 2. Nf3 Nc6 3. d4 cxd4 4. Nxd4 d6 5. Nc3 g6 6. Be3 Bg7 7. Bc4 Nf6 8. f3
O-O 9. Qd2 Bd7 10. O-O-O a6 11. h4 b5 12. Bb3 Na5 13. h5 Nc4 14. Bxc4 bxc4 15.
hxg6 fxg6 16. Bh6 Rb8 17. Nd5 Rf7 18. Bxg7 Rxg7 19. Nxf6+ exf6 20. Ne2 Rb6 21.
Nf4 Qb8 22. Qc3 Bc6 23. Qxc4+ Kh8 24. Qd4 d5 25. Qxf6 Rxb2 26. Nxg6+ Kg8 27.
Ne7+ Rxe7 28. Qxb2 Qf4+ 29. Rd2 dxe4 30. Qb4 Rf7 31. Qd6 Qxd6 32. Rxd6 exf3 33.
gxf3 Bb5 34. Rh3 Rf4 35. Rb6 Ra4 36. Kb2 Bc4 37. a3 Bf7 38. Rg3+ Bg6 39. Rg4
Ra5 40. f4 Kf7 41. Rg5 1-0

[Event "Ì15Ï"]
[Site "Loo"]
[Date "2017.04.23"]
[Round "4.14"]
[White "Öûáóëüêèí, Èâàí."]
[Black "Òÿïêèí, Ïåòð."]
[Result "1-0"]
[WhiteElo "1734"]
[BlackElo "1960"]
[PlyCount "113"]
[EventDate "2017.04.20"]

1. d4 Nf6 2. Bf4 g6 3. Nf3 Bg7 4. e3 O-O 5. Be2 c5 6. c3 d5 7. O-O Nc6 8. h3
Qb6 9. Qb3 c4 10. Qxb6 axb6 11. Nbd2 b5 12. a3 Bf5 13. Rfe1 h6 14. Ne5 g5 15.
Bh2 Nxe5 16. Bxe5 Ne4 17. Bxg7 Kxg7 18. Nxe4 Bxe4 19. Bf1 Bg6 20. g4 Be4 21.
Bg2 f5 22. f3 Bd3 23. e4 dxe4 24. gxf5 Rxf5 25. fxe4 Rf4 26. Rad1 g4 27. Re3
gxh3 28. Bxh3 Ra6 29. Rd2 Rg6+ 30. Kh2 Rh4 31. Rf2 Bxe4 32. Rfe2 Bf5 33. Rxe7+
Kf6 34. R7e3 Bxh3 35. Rxh3 Rf4 36. Rg3 Rf5 37. Rxg6+ Kxg6 38. Re6+ Kg5 39. Kg2
Kf4 40. Rxh6 Ke4 41. Re6+ Kd3 42. Re5 Rf7 43. Rxb5 Kc2 44. Kg3 Kb1 45. Kg4 Ka2
46. Kg5 Rf2 47. Rxb7 Rxb2 48. Rxb2+ Kxb2 49. d5 Kxc3 50. d6 Kb2 51. d7 c3 52.
d8=Q Kxa3 53. Qa5+ Kb2 54. Qb4+ Kc2 55. Kf4 Kd3 56. Kf3 c2 57. Qe1 1-0

[Event "Ì15Ï"]
[Site "Loo"]
[Date "2017.04.23"]
[Round "4.15"]
[White "Íîâèêîâ, Àëåêñåé."]
[Black "Áîíäàðåíêî, Àðò¸ì."]
[Result "0-1"]
[WhiteElo "1927"]
[BlackElo "1720"]
[PlyCount "100"]
[EventDate "2017.04.20"]

1. e4 e5 2. Nf3 Nc6 3. Bc4 Bc5 4. b4 Bb6 5. Bb2 d6 6. b5 Na5 7. Be2 Nf6 8. d3
c6 9. a4 a6 10. bxa6 Bxf2+ 11. Kxf2 Qb6+ 12. Ke1 Qxb2 13. axb7 Nxb7 14. Nbd2
Qc3 15. Qc1 Ng4 16. Ra3 Qc5 17. Nc4 Na5 18. Nfd2 Qf2+ 19. Kd1 Nxc4 20. Nxc4
Qxg2 21. Rf1 O-O 22. Nxd6 Nxh2 23. Re1 Bg4 24. Qe3 Nf1 25. Qc5 Rfb8 26. Rb3
Rxb3 27. cxb3 Bxe2+ 28. Rxe2 Qf3 29. Ke1 Ng3 30. Re3 Qf1+ 31. Kd2 Qf2+ 32. Kc1
Nf1 33. Nf5 Qd2+ 34. Kb1 Nxe3 35. Nxe3 Qxd3+ 36. Ka2 Qxe4 37. Nc4 Qd5 38. Qe3
Qd4 39. Qf3 e4 40. Qf4 Rd8 41. Ne3 Qd2+ 42. Ka3 Qd6+ 43. Qxd6 Rxd6 44. a5 h5
45. Kb4 g5 46. Kc5 Rd3 47. a6 Rxb3 48. Nc4 Rb1 49. Kxc6 Ra1 50. Kb6 Rxa6+ 0-1

[Event "Ì15Ï"]
[Site "Loo"]
[Date "2017.04.23"]
[Round "4.16"]
[White "Àáäóðàèìîâ, Ýñìåò."]
[Black "Áîáêîâ, Âàäèì."]
[Result "0-1"]
[WhiteElo "1720"]
[BlackElo "1894"]
[PlyCount "54"]
[EventDate "2017.04.20"]

1. e4 c5 2. Nf3 e6 3. c4 Nc6 4. Nc3 Nf6 5. h3 d5 6. exd5 exd5 7. cxd5 Nxd5 8.
Bb5 Be7 9. Ne5 Qd6 10. Qe2 O-O 11. Bxc6 bxc6 12. O-O Nf4 13. Qe4 Bf6 14. Qxf4
Bxe5 15. Qf3 Ba6 16. Rd1 Rad8 17. d3 Bxd3 18. Be3 c4 19. Bxa7 c5 20. Qb7 Bd4
21. Nb5 Qg6 22. Qb6 Bxb2 23. Qxg6 fxg6 24. Bxc5 Rf5 25. Rab1 Rxc5 26. Rxb2 c3
27. Rb3 c2 0-1

[Event "Ì15Ï"]
[Site "Loo"]
[Date "2017.04.23"]
[Round "4.17"]
[White "Åðîõèí, Àðòåì."]
[Black "Øàäóíö, Êèðèëë."]
[Result "0-1"]
[WhiteElo "1705"]
[BlackElo "1877"]
[PlyCount "90"]
[EventDate "2017.04.20"]

1. e4 e6 2. d4 d5 3. Nd2 c5 4. Ngf3 Nf6 5. exd5 Nxd5 6. g3 Nc6 7. dxc5 Bxc5 8.
Bg2 Qb6 9. O-O O-O 10. Nb3 Be7 11. c3 Rd8 12. Qe2 Bd7 13. Bd2 Rac8 14. Rad1 Be8
15. Bg5 a5 16. Bxe7 Ncxe7 17. Nbd4 a4 18. Bh3 Nc7 19. Ng5 Rd6 20. Ne4 Rd5 21.
Rfe1 Rcd8 22. Nf3 Rxd1 23. Rxd1 Rxd1+ 24. Qxd1 Qxb2 25. Nd6 Qxc3 26. Nxe8 Nxe8
27. Qd7 Kf8 28. Qxb7 Nd5 29. Kg2 Nec7 30. Qb1 g6 31. Qe4 a3 32. Qh4 Kg7 33. Qe4
Qb2 34. Ng5 h6 35. Nf3 Qxa2 36. Nd4 Nf6 37. Qe5 Qd5+ 38. Qxd5 Ncxd5 39. Kf3 Nb4
40. Bf1 Nfd5 41. Bc4 a2 42. Nb3 Nc2 43. Ke2 a1=Q 44. Nxa1 Nxa1 45. Kd2 Nb4 0-1

[Event "Ì15Ï"]
[Site "Loo"]
[Date "2017.04.23"]
[Round "4.18"]
[White "Ãàðèôçÿíîâ, Íèÿç."]
[Black "Ìåñòíèêîâ, Àéäûí."]
[Result "0-1"]
[WhiteElo "1874"]
[BlackElo "1699"]
[PlyCount "104"]
[EventDate "2017.04.20"]

1. d4 Nf6 2. Bf4 g6 3. Nf3 Bg7 4. e3 d5 5. Be2 O-O 6. Nbd2 Nbd7 7. h3 b6 8. O-O
Bb7 9. c3 c5 10. Ne5 Nxe5 11. Bxe5 Rc8 12. a4 Ne4 13. Bxg7 Kxg7 14. Nf3 f6 15.
a5 Qc7 16. Bd3 Rfd8 17. Qe2 Nd6 18. axb6 Qxb6 19. dxc5 Qxc5 20. Nd4 Kf7 21. f4
Ne4 22. f5 Rd6 23. Bxe4 dxe4 24. Kh2 Bd5 25. Rfc1 g5 26. b4 Qc4 27. Qxc4 Rxc4
28. Rxa7 Rb6 29. b5 Rb8 30. Kg1 Rbc8 31. Ra3 R4c5 32. b6 Rb8 33. Rb1 Rbc8 34.
Kf2 Bb7 35. Ra7 Rb8 36. Ne6 Rxf5+ 37. Ke2 Kxe6 38. c4 Rc5 39. Rb4 Kd6 40. Kd2
Kc6 41. Ra3 e5 42. g4 Bc8 43. Rab3 Rb7 44. Rb1 Rd7+ 45. Kc2 Ba6 46. Rc1 Rb7 47.
Kd2 Rxb6 48. Rxb6+ Kxb6 49. Rf1 Rc6 50. h4 h6 51. hxg5 hxg5 52. Rb1+ Kc5 0-1

[Event "Ì15Ï"]
[Site "Loo"]
[Date "2017.04.23"]
[Round "4.19"]
[White "Ãóëèåâ, Ðîìàí."]
[Black "Ñîëîäÿíêèí, Òèìîôåé."]
[Result "0-1"]
[WhiteElo "1680"]
[BlackElo "1867"]
[PlyCount "88"]
[EventDate "2017.04.20"]

1. d4 Nf6 2. c4 g6 3. Nc3 Bg7 4. e4 d6 5. Be2 O-O 6. Bg5 Na6 7. Qd2 Qe8 8. f3
c5 9. d5 Nc7 10. h4 a6 11. Nh3 Bxh3 12. Rxh3 b5 13. O-O-O bxc4 14. Bxc4 Nb5 15.
Ne2 Rb8 16. Bh6 Bh8 17. h5 Nd4 18. Nxd4 cxd4 19. Bxf8 Qxf8 20. hxg6 fxg6 21. e5
Qc8 22. b3 dxe5 23. d6+ e6 24. f4 Ne4 25. Qe1 Nxd6 26. Qh4 Rb7 27. Kd2 Nxc4+
28. bxc4 e4 29. Rb1 e3+ 30. Kd3 Rf7 31. c5 Bf6 32. Qh6 Rb7 33. Rc1 Qc6 34. g4
e5 35. fxe5 Bxe5 36. Qg5 Bf6 37. Qf4 Qb5+ 38. Ke4 Re7+ 39. Kf3 Qc6+ 40. Ke2
Qg2+ 41. Kd3 Qd2+ 42. Kc4 Qxc1+ 43. Kd5 Re5+ 44. Kd6 Qxc5+ 0-1

[Event "Ì15Ï"]
[Site "Loo"]
[Date "2017.04.23"]
[Round "4.20"]
[White "Êîðîëåâ, Êèðèëë."]
[Black "Àíèñèìîâ, Àðòåì."]
[Result "1-0"]
[WhiteElo "1854"]
[BlackElo "1683"]
[PlyCount "133"]
[EventDate "2017.04.20"]

1. d4 Nf6 2. Nf3 e6 3. c4 c5 4. e3 b6 5. Be2 Bb7 6. O-O cxd4 7. Nxd4 Nc6 8. Nc3
a6 9. Bf3 Be7 10. b3 O-O 11. Bb2 Qc7 12. Rc1 Rac8 13. Nd5 exd5 14. cxd5 Nxd4
15. Rxc7 Nxf3+ 16. gxf3 Rxc7 17. d6 Bxd6 18. Qxd6 Rc6 19. Qd3 Nh5 20. e4 d5 21.
Kh1 Rd8 22. Qe3 Rcd6 23. Qg5 g6 24. Bd4 f6 25. Qe3 dxe4 26. Bxb6 Rd3 27. Bxd8
Rxe3 28. fxe3 exf3 29. Kg1 Kf7 30. Rc1 Ke6 31. Rc7 Be4 32. Rxh7 Kf5 33. Kf2 Kg4
34. Ra7 Bb1 35. a4 Ba2 36. Rb7 Kh3 37. Kxf3 Kxh2 38. Rb6 g5 39. a5 Kh3 40. Bxf6
g4+ 41. Kf2 Ng3 42. Be5 Ne4+ 43. Kg1 g3 44. Bf4 Nd2 45. Rh6+ Kg4 46. Rg6+ Kf5
47. Rxa6 Nxb3 48. Bxg3 Ke4 49. Bf4 Nc5 50. Rc6 Kd5 51. Rd6+ Ke4 52. a6 Nxa6 53.
Rxa6 Bb1 54. Kf2 Bd3 55. Ra4+ Kf5 56. Kf3 Bc2 57. e4+ Ke6 58. Ra6+ Ke7 59. e5
Bf5 60. Rf6 Bc2 61. Ke3 Bb1 62. Kd4 Bc2 63. Bg5 Ke8 64. Kd5 Bb3+ 65. Kd6 Bg8
66. Bh6 Bf7 67. e6 1-0

[Event "Ì15Ï"]
[Site "Loo"]
[Date "2017.04.23"]
[Round "4.21"]
[White "Øàêèðîâ, Ìàðàò."]
[Black "Ãàâðèëèí, Ðîìàí."]
[Result "1-0"]
[WhiteElo "1849"]
[BlackElo "1668"]
[PlyCount "120"]
[EventDate "2017.04.20"]

1. e4 e5 2. Nc3 Nf6 3. g3 Be7 4. Bg2 O-O 5. Nge2 d6 6. O-O c6 7. d4 Nbd7 8. h3
Nb6 9. b3 exd4 10. Qxd4 d5 11. e5 Nfd7 12. Bb2 c5 13. Qf4 d4 14. Nb5 a6 15. Nd6
Qc7 16. Nxc8 Raxc8 17. Qe4 Nxe5 18. Qxb7 Nc6 19. Qxc7 Rxc7 20. c3 d3 21. Nf4 c4
22. Bc1 g5 23. Nd5 Nxd5 24. Bxd5 Na5 25. Be3 Rd7 26. bxc4 Rc8 27. Rad1 Nxc4 28.
Rxd3 Nxe3 29. fxe3 Bc5 30. Rf5 h6 31. Kf2 Kg7 32. Kf3 Re7 33. h4 gxh4 34. gxh4
Rce8 35. e4 Rb8 36. Kg4 Rd8 37. Rdf3 Rdd7 38. Rg3 Bd6 39. Rg2 Be5 40. c4 Rd6
41. c5 Rg6+ 42. Kf3 Rxg2 43. Kxg2 f6 44. Rf3 Rc7 45. c6 a5 46. Kh3 h5 47. Rb3
Kf8 48. Rb8+ Kg7 49. Rb5 Bc3 50. Kg3 Kg6 51. Rb7 Be5+ 52. Kf3 Kg7 53. Rb1 Kh6
54. Rb5 Bc3 55. Rc5 Bb4 56. Rc2 Bd6 57. Be6 Re7 58. Bd7 Bc7 59. Rb2 Kg7 60. Rb7
Bd8 1-0

[Event "Ì15Ï"]
[Site "Loo"]
[Date "2017.04.23"]
[Round "4.22"]
[White "Âèíîêóð, Ëåîíèä."]
[Black "Ãðèøèí, Ïàâåë."]
[Result "1-0"]
[WhiteElo "1572"]
[BlackElo "1840"]
[PlyCount "105"]
[EventDate "2017.04.20"]

1. d4 g6 2. Nf3 Bg7 3. g3 Nf6 4. Bg2 O-O 5. O-O d6 6. c4 Nbd7 7. Qc2 e5 8. Rd1
exd4 9. Nxd4 c6 10. Nb3 Ne5 11. Bf4 Qe7 12. Bxe5 dxe5 13. N1d2 a5 14. c5 Be6
15. Nc1 Rfd8 16. Nd3 Bf5 17. e4 Bg4 18. f3 Bc8 19. Nc4 Nd7 20. Nd6 b6 21. b4
bxc5 22. bxc5 Ba6 23. Nb2 Bf8 24. Rac1 Nxc5 25. Qxc5 Rxd6 26. Rxd6 Qxd6 27.
Qxd6 Bxd6 28. Rxc6 Bb4 29. Bf1 Bxf1 30. Kxf1 Rd8 31. Rc2 Kf8 32. Nc4 f6 33. Ne3
Ke7 34. Nd5+ Ke6 35. Rc6+ Rd6 36. Rc7 Ra6 37. Rxh7 Bd6 38. Rc7 Ra8 39. Rc2 f5
40. Ke2 fxe4 41. fxe4 Rf8 42. Rc3 Rh8 43. h4 g5 44. hxg5 Rh2+ 45. Kf3 Rxa2 46.
g6 Ra3 47. Kg4 Rxc3 48. Nxc3 Bb4 49. Na4 Kf6 50. Kh5 Bd2 51. g4 Be3 52. g5+
Bxg5 53. g7 1-0

[Event "Ì15Ï"]
[Site "Loo"]
[Date "2017.04.23"]
[Round "4.23"]
[White "Åôàíîâ, Àëåêñåé."]
[Black "Ïåòðîâ, Íèêîëàé."]
[Result "0-1"]
[WhiteElo "1567"]
[BlackElo "1832"]
[PlyCount "96"]
[EventDate "2017.04.20"]

1. e4 e5 2. Nf3 Nc6 3. Bb5 Nge7 4. c3 a6 5. Ba4 d6 6. h3 Bd7 7. d3 Ng6 8. O-O
Be7 9. Re1 h6 10. Be3 Bg5 11. d4 Qf6 12. d5 Nb8 13. Bxd7+ Nxd7 14. Nbd2 Bxe3
15. fxe3 O-O 16. Rf1 Ne7 17. Qe1 g6 18. Qg3 Qg7 19. c4 a5 20. Ne1 Nc5 21. Nc2
Rae8 22. a3 a4 23. Rf3 f5 24. Raf1 fxe4 25. Rxf8+ Rxf8 26. Rxf8+ Qxf8 27. Qg4
Qf5 28. Qh4 g5 29. Qxh6 Ng6 30. Qh5 Nd3 31. Qe2 Nf8 32. g4 Qf6 33. Qg2 Nxb2 34.
Nxe4 Qg6 35. Qf3 Nd7 36. Qf5 Qxf5 37. gxf5 Nxc4 38. Nxg5 Nf6 39. e4 Nd2 40. Nb4
Nfxe4 41. Ne6 Nc4 42. Nc2 c6 43. dxc6 bxc6 44. Nd8 c5 45. Kg2 Kg7 46. Kf3 Ned2+
47. Kg4 Kf6 48. h4 Nf1 0-1